Statistics for Biggest Cities in Rhode Island

Click here to take the quiz!

General Stats

  • This quiz has been taken 5 times
  • The average score is 4 of 15

Answer Stats

PopulationCity% Correct
179,509Providence
100%
81,218Warwick
80%
24,745Newport
80%
80,979Cranston
60%
47,425East Providence
40%
41,508Woonsocket
40%
71,770Pawtucket
20%
7,727Tiverton
20%
19,395Central falls
0%
17,323Westerly
0%
12,056Valley Falls
0%
11,211Newport East
0%
8,388Greenville
0%
8,062Cumberland Hill
0%
6,983Kingston
0%

Score Distribution

Percentile by Number Answered

Percent of People with Each Score

Your Score History

You have not taken this quiz